Same Name Trios III Quiz Stats

Quiz Updated Jun 2, 2016

Also try: Same Name Trios II
Challenge
Share
Tweet
Embed
Score 0/30 Timer 04:00
0 Plays Today
% Correct
Al
96.1%
Holmes
95.9%
Ryan
94.5%
Calvin
94.2%
Barry
93.8%
Reynolds
93.4%
Simon
93%
Julia
92.5%
Oliver
92.2%
Taylor
91.8%
Oscar
91.8%
Howard
91.2%
Paul
88.8%
Wesley
88.6%
Tyler
88.1%
% Correct
Ruth
86.4%
Harrison
85.3%
Allen
83.8%
Bobby
82.3%
Daryl
80.2%
Benjamin
78.1%
Felicity
74.4%
Scott
72.1%
Parker
69.9%
Montgomery
65.8%
Lucas
63.9%
Pearl
63.6%
Zane
61.9%
Randall
57.6%
Anthony
54.9%

You're not logged in!

Compare scores with friends on all Sporcle quizzes.
Sign Up with Email
OR
Log In

You Might Also Like...

Show Comments

Extras

Top Quizzes Today


Score Distribution

Your Account Isn't Verified!

In order to create a playlist on Sporcle, you need to verify the email address you used during registration. Go to your Sporcle Settings to finish the process.